|
|
|
|
| LEADER |
00000nab a2200000 a 4500 |
| 001 |
vtls008841413 |
| 003 |
SK-MaSNL |
| 005 |
20260303063110.0 |
| 008 |
140301c20060503xo dr|p|||||||000 b|slo |
| 015 |
|
|
|a SNBRB2006/08
|2 snkbucl
|
| 038 |
|
|
|a SNKBUCL
|
| 040 |
|
|
|a SNKBUCL
|b slo
|c SNKBUCL
|e AACR2
|
| 041 |
0 |
|
|a slo
|
| 044 |
|
|
|a xo
|c SK
|
| 080 |
|
|
|a 336.226.112.3:332.8
|2 1997
|
| 080 |
|
|
|a 332.8
|2 1997
|
| 100 |
1 |
|
|a Kollárová, Zuzana
|4 aut
|9 10478
|
| 245 |
1 |
0 |
|a Ako zdaniť príjmy z predaja bytov alebo rodinných domov
|c Zuzana Kollárová
|
| 650 |
0 |
7 |
|a byty
|2 snkbucl
|9 3905
|
| 650 |
0 |
7 |
|a predaj
|2 snkbucl
|9 13334
|
| 650 |
0 |
7 |
|a dane z príjmov
|2 snkbucl
|9 2125
|
| 773 |
0 |
|
|t Hospodárske noviny
|g Roč. XIV., č. 84 (3.5.2006)
|x 1335-4701
|
| 773 |
0 |
8 |
|t Dane a odvody
|g S. [21]
|
| 852 |
|
|
|a SNK
|b KIS3GCP
|
| 999 |
|
|
|c 1741735
|d 1743665
|